000 00511nam a22001811c 4500
001 23440390x
008 171221s1912 gw a||| 000u ger d
041 _ager
100 1 _aWirth, Albrecht
245 0 0 _aMänner Völker und Zeiten :
_beine Weltgeschichte in einem Bande /
_cvon Albrecht Wirth
250 _a1. - 10. Tsd.
264 _aHamburg [u.a.] :
_bJanssen,
_c1912
300 _a332 S. : Ill., graph. Darst.
650 0 _aWeltgeschichte
942 _cMG
040 _cRU-10907106
003 RU-10907106
999 _c48737
_d48737